MARC details
| 000 -LEADER |
| fixed length control field |
01258namaa2200337 i 4500 |
| 001 - CONTROL NUMBER |
| control field |
200443889 |
| 003 - CONTROL NUMBER IDENTIFIER |
| control field |
TR-AnTOB |
| 005 - DATE AND TIME OF LATEST TRANSACTION |
| control field |
20220331105503.0 |
| 007 - PHYSICAL DESCRIPTION FIXED FIELD--GENERAL INFORMATION |
| fixed length control field |
ta |
| 008 - FIXED-LENGTH DATA ELEMENTS--GENERAL INFORMATION |
| fixed length control field |
021014s1987 tu 000 0 tur d |
| 035 ## - SYSTEM CONTROL NUMBER |
| System control number |
(TR-AnTOB)200443889 |
| 040 ## - CATALOGING SOURCE |
| Original cataloging agency |
TR-AnTOB |
| Language of cataloging |
eng |
| Description conventions |
rda |
| Transcribing agency |
TR-AnTOB |
| 041 0# - LANGUAGE CODE |
| Language code of text/sound track or separate title |
Türkçe |
| 050 #4 - LIBRARY OF CONGRESS CALL NUMBER |
| Classification number |
HD4276.7 |
| Item number |
.K368 1987 |
| 090 ## - LOCALLY ASSIGNED LC-TYPE CALL NUMBER (OCLC); LOCAL CALL NUMBER (RLIN) |
| Classification number (OCLC) (R) ; Classification number, CALL (RLIN) (NR) |
HD4276.7 |
| Local cutter number (OCLC) ; Book number/undivided call number, CALL (RLIN) |
.K368 1987 |
| 245 00 - TITLE STATEMENT |
| Title |
Kamu iktisadi teşebbüslerinde bir özelleştirme yöntemi olarak çalışanların sermayeye ortaklıkları / |
| Statement of responsibility, etc. |
Haz. Mehmet Ali Gürol. |
| 264 #1 - PRODUCTION, PUBLICATION, DISTRIBUTION, MANUFACTURE, AND COPYRIGHT NOTICE |
| Place of production, publication, distribution, manufacture |
Ankara : |
| Name of producer, publisher, distributor, manufacturer |
Toplu Konut ve Kamu Ortaklığı İdaresi Başkanlığı, |
| Date of production, publication, distribution, manufacture, or copyright notice |
1987. |
| 300 ## - PHYSICAL DESCRIPTION |
| Extent |
201 pages ; |
| Dimensions |
29 cm |
| 336 ## - CONTENT TYPE |
| Content type term |
text |
| Content type code |
txt |
| Source |
rdacontent |
| 337 ## - MEDIA TYPE |
| Media type term |
unmediated |
| Media type code |
n |
| Source |
rdamedia |
| 338 ## - CARRIER TYPE |
| Carrier type term |
volume |
| Carrier type code |
nc |
| Source |
rdacarrier |
| 650 #7 - SUBJECT ADDED ENTRY--TOPICAL TERM |
| Topical term or geographic name entry element |
Kamu iktisadi teşebbüsleri |
| Geographic subdivision |
Türkiye |
| Source of heading or term |
etuturkob |
| 9 (RLIN) |
85507 |
|
| Topical term or geographic name entry element |
Özelleştirme |
| Geographic subdivision |
Türkiye |
| Source of heading or term |
etuturkob |
| 9 (RLIN) |
6512 |
|
| Topical term or geographic name entry element |
İşçi şirketleri |
| Geographic subdivision |
Türkiye |
| 9 (RLIN) |
132844 |
|
| Topical term or geographic name entry element |
Endüstriyel yönetim |
| General subdivision |
İşçi katılımı |
| Geographic subdivision |
Türkiye |
| Source of heading or term |
etuturkob |
| 9 (RLIN) |
132845 |
| 700 1# - ADDED ENTRY--PERSONAL NAME |
| Personal name |
Gürol, Mehmet Ali, |
| Dates associated with a name |
1943- |
| Relator term |
editor |
| 9 (RLIN) |
133059 |
| 710 1# - ADDED ENTRY--CORPORATE NAME |
| Corporate name or jurisdiction name as entry element |
Turkey. |
| Subordinate unit |
Toplu Konut İdaresi Başkanlığı |
| 9 (RLIN) |
104373 |
| 942 ## - ADDED ENTRY ELEMENTS (KOHA) |
| Source of classification or shelving scheme |
Library of Congress Classification |
| Koha item type |
Book |